আধুনিক গণতান্ত্রিক রাষ্ট্র / (Record no. 40299)
[ view plain ]
| 000 -LEADER | |
|---|---|
| fixed length control field | 01052nam a2200265 a 4500 |
| 001 - CONTROL NUMBER | |
| control field | 40299 |
| 003 - CONTROL NUMBER IDENTIFIER | |
| rucl marc code | BD-RjUL |
| 005 - DATE AND TIME OF LATEST TRANSACTION | |
| control field | 20211209053204.0 |
| 008 - FIXED-LENGTH DATA ELEMENTS--GENERAL INFORMATION | |
| fixed length control field | 160427s1976 b ||||| |||| 00| 0 ben d |
| 020 ## - INTERNATIONAL STANDARD BOOK NUMBER | |
| Terms of availability | : Tk. 25.00 |
| 035 ## - SYSTEM CONTROL NUMBER | |
| System control number | (BD-RjUL) 40414 |
| 040 ## - CATALOGING SOURCE | |
| Original cataloging agency | BD-RjUL |
| Language of cataloging | ben |
| Transcribing agency | BD-RjUL |
| 041 ## - LANGUAGE CODE | |
| Language code of text/sound track or separate title | ben |
| 082 ## - DEWEY DECIMAL CLASSIFICATION NUMBER | |
| Edition number | 23 |
| Classification number | 321.8 |
| Author mark and year | LIA 1976 |
| 100 ## - MAIN ENTRY--PERSONAL NAME | |
| Personal name | লিণ্ডসে, এ. ডি. |
| 9 (RLIN) | 124161 |
| 245 10 - TITLE STATEMENT | |
| Title | আধুনিক গণতান্ত্রিক রাষ্ট্র / |
| Statement of responsibility, etc. | এ. ডি. লিণ্ডসে ; মুহম্মদ আয়েশ উদ্দিন অনূদিত |
| 260 ## - PUBLICATION, DISTRIBUTION, ETC. (IMPRINT) | |
| Place of publication, distribution, etc. | ঢাকা : |
| Name of publisher, distributor, etc. | বাংলা একাডেমী, |
| Date of publication, distribution, etc. | ১৯৭৬ |
| 300 ## - PHYSICAL DESCRIPTION | |
| Pagination | (৩৯), ৩৫০ পৃ. ; |
| Size | ২১ সেমি. |
| 490 ## - SERIES STATEMENT | |
| Series statement | বাএ ; |
| Volume/sequential designation | ৭৩৫ |
| 650 ## - SUBJECT ADDED ENTRY--TOPICAL TERM | |
| Topical term or geographic name as entry element | গণতন্ত্র |
| 9 (RLIN) | 124162 |
| Topical term or geographic name as entry element | Democracy |
| 9 (RLIN) | 124163 |
| 700 ## - ADDED ENTRY--PERSONAL NAME | |
| Personal name | উদ্দিন, মুহম্মদ আয়েশ, অনুবাদক |
| 830 ## - SERIES ADDED ENTRY--UNIFORM TITLE | |
| Uniform title | বাএ ; |
| Volume number/sequential designation | ৭৩৫ |
| 942 ## - ADDED ENTRY ELEMENTS (KOHA) | |
| Source of classification or shelving scheme | Dewey Decimal Classification |
| Koha item type | Books |
| Lost status | Source of classification or shelving scheme | Damaged status | Not for loan | Collection code | Permanent Location | Current Location | Shelving location | Date acquired | Source of acquisition | Cost, normal purchase price | Total Checkouts | Full call number | Date last seen | Copy number | Koha item type | Date checked out |
|---|---|---|---|---|---|---|---|---|---|---|---|---|---|---|---|---|
| Dewey Decimal Classification | Non-fiction | Central Library, University of Rajshahi | Central Library, University of Rajshahi | 29/06/1977 | Eureca Book Agency, Rajshahi | 25.00 | B 321.8 LIA 1976 | 27/04/2016 | C-2 | Books | ||||||
| Dewey Decimal Classification | Non-fiction | Central Library, University of Rajshahi | Central Library, University of Rajshahi | 29/06/1977 | Eureca Book Agency, Rajshahi | 25.00 | B 321.8 LIA 1976 | 14/07/2016 | C-3 | Books | ||||||
| Dewey Decimal Classification | Non-fiction | Central Library, University of Rajshahi | Central Library, University of Rajshahi | 29/06/1977 | Eureca Book Agency, Rajshahi | 25.00 | B 321.8 LIA 1976 | 04/08/2016 | C-4 | Books | ||||||
| Dewey Decimal Classification | Non-fiction | Central Library, University of Rajshahi | Central Library, University of Rajshahi | 29/06/1977 | Eureca Book Agency, Rajshahi | 25.00 | B 321.8 LIA 1976 | 08/08/2016 | C-5 | Books | ||||||
| Dewey Decimal Classification | Non-fiction | Central Library, University of Rajshahi | Central Library, University of Rajshahi | 29/06/1977 | Eureca Book Agency, Rajshahi | 25.00 | B 321.8 LIA 1976 | 08/08/2016 | C-6 | Books | ||||||
| Dewey Decimal Classification | Non-fiction | Central Library, University of Rajshahi | Central Library, University of Rajshahi | 29/06/1977 | Eureca Book Agency, Rajshahi | 25.00 | 1 | B 321.8 LIA 1976 | 14/03/2019 | C-7 | Books | 14/03/2019 | ||||
| Dewey Decimal Classification | Non-fiction | Central Library, University of Rajshahi | Central Library, University of Rajshahi | 29/06/1977 | Eureca Book Agency, Rajshahi | 25.00 | B 321.8 LIA 1976 | 08/08/2016 | C-8 | Books | ||||||
| Dewey Decimal Classification | Non-fiction | Central Library, University of Rajshahi | Central Library, University of Rajshahi | 29/06/1977 | Eureka Book Accademi | 25.00 | B 321.8 LIA 1976 | 08/08/2016 | C-9 | Books |